00930naa a22002417a 4500001001000000003000900010005001700019007000300036008003400039040005400073041000900127072002600136100002100162111008900183245010200272260003600374500011000410650001300520650001500533650002300548650001000571773010700581BR7800796BR-BrBNA20240918174049.0ta230509b bl.||||| |||| 00| 0 por d aBR-BrBNAbporcBiblioteca Nacional de Agricultura a(Pt) aH10b1900b4020b39301 aMatta, E.A.F. da1 aSimposio sobre a Brachiaria e outras ForrageirascSalvador, BA (Brazil)d23 Mar 19771 aUso do fungo Metarrhizium anisopliae no controle a cigarrinha das pastagens [Mahanarva posticata]3 aSalvador, BA (Brasil): c1977.  aSimposio sobre a braquiaria e outras forrageiras Salvador, BA (Brasil): 1977. p. 37-38 (BR7800796-AM)H10  aPastagem aCigarrinha aControle biologico aFungo0 tSimposio sobre a braquiaria e outras forrageiraswH10 BR7800796gSalvador, BA (Brasil), 1977. p. 37-38